A short history of Muslim rule in Indo-Pakistan. (Record no. 66648)

MARC details
000 -LEADER
fixed length control field 00818cam a22002771 4500
001 - CONTROL NUMBER
control field sa 65010246
003 - CONTROL NUMBER IDENTIFIER
control field DLC
005 - DATE AND TIME OF LATEST TRANSACTION
control field 20260227112207.0
008 - FIXED-LENGTH DATA ELEMENTS--GENERAL INFORMATION
fixed length control field 781024s1964 pk b 000 0 eng
010 ## - LIBRARY OF CONGRESS CONTROL NUMBER
LC control number sa 65010246
025 ## - OVERSEAS ACQUISITION NUMBER
Overseas acquisition number PL480:EP-E-288
035 ## - SYSTEM CONTROL NUMBER
System control number (OCoLC)4314667
040 ## - CATALOGING SOURCE
Original cataloging agency DLC
Transcribing agency MH
Modifying agency OCoLC
-- DLC
042 ## - AUTHENTICATION CODE
Authentication code premarc
050 00 - LIBRARY OF CONGRESS CALL NUMBER
Classification number DS452
Item number .H3
100 1# - MAIN ENTRY--PERSONAL NAME
Personal name Hanifi, Manzoor Ahmad.
245 12 - TITLE STATEMENT
Title A short history of Muslim rule in Indo-Pakistan.
250 ## - EDITION STATEMENT
Edition statement [1st ed.]
260 ## - PUBLICATION, DISTRIBUTION, ETC.
Place of publication, distribution, etc. Dacca,
Name of publisher, distributor, etc. Ideal Library
Date of publication, distribution, etc. [1964]
300 ## - PHYSICAL DESCRIPTION
Extent ii, 317, iii p.
Dimensions 23 cm.
504 ## - BIBLIOGRAPHY, ETC. NOTE
Bibliography, etc. note Bibliography: [i]-iii (3d group)
650 #0 - SUBJECT ADDED ENTRY--TOPICAL TERM
Topical term or geographic name entry element Muslims
Geographic subdivision India
General subdivision History.
651 #0 - SUBJECT ADDED ENTRY--GEOGRAPHIC NAME
Geographic name India
General subdivision Politics and government
Chronological subdivision 1919-1947.
651 #0 - SUBJECT ADDED ENTRY--GEOGRAPHIC NAME
Geographic name Pakistan
General subdivision Politics and government.
740 0# - ADDED ENTRY--UNCONTROLLED RELATED/ANALYTICAL TITLE
Uncontrolled related/analytical title Muslim rule in Indo-Pakistan.

No items available.

Powered by Koha